书目信息 |
| 题名: |
金融隐私
|
|
| 作者: | 杰因茨 著 ;万存知译 | |
| 分册: | ||
| 出版信息: | 北京 中国金融出版社 2009 |
|
| 页数: | 264页 | |
| 开本: | 23cm | |
| 丛书名: | 金融经营管理系列 | |
| 单 册: | ||
| 中图分类: | F830.5 | |
| 科图分类: | ||
| 主题词: | 金融--信用制度--对比研究--世界 , 金融 , 信用制度 | |
| 电子资源: | ||
| ISBN: | 978-7-5049-5008-6 | |
| 000 | 00879oam2 2200265 45 | |
| 005 | 20100303111209.04 | |
| 010 | @a978-7-5049-5008-6@dCNY35.00 | |
| 100 | @a20100119d2009 em y0chiy0110 ea | |
| 101 | 1 | @achi@cger |
| 102 | @aCN@b110000 | |
| 105 | @ay z 000yy | |
| 106 | @ar | |
| 200 | 1 | @a金融隐私@AJin Rong Yin Si@e征信制度国际比较@EZheng Xin Zhi Du Guo Ji Bi Jiao@e第2版@EDi 2 Ban@f(德)杰因茨(Jentzsch, N.)著@F( De ) Jie Yin Ci (Jentzsch, N.) Zhu@g万存知译 |
| 210 | @a北京@c中国金融出版社@d2009 | |
| 215 | @a264页@d23cm | |
| 225 | 2 | @a金融经营管理系列 |
| 461 | 0 | @12001 @a金融经营管理系列 |
| 606 | 0 | @a金融@x信用制度@x对比研究@y世界 |
| 606 | 0 | @a金融 |
| 606 | 0 | @a信用制度 |
| 690 | @aF830.5@v4 | |
| 701 | 1 | @a杰因茨@AJie Yin Ci@g(Jentzsch, N.)@4著 |
| 702 | 0 | @a万存知译@AWan Cun Zhi Yi |
| 801 | 0 | @aCN@bTANGWEI@c20100303 |
| 905 | @b0583754-58@dF830.5@e144@f5 | |
| 金融隐私:征信制度国际比较:第2版/(德)杰因茨(Jentzsch, N.)著/万存知译.-北京:中国金融出版社,2009 |
| 264页;23cm.-(金融经营管理系列) |
| ISBN 978-7-5049-5008-6:CNY35.00 |
| ● |
| 相关链接 |
|
|
|
|
正题名:金融隐私
索取号:F830.5/144
 
预约/预借
| 序号 | 登录号 | 条形码 | 馆藏地/架位号 | 状态 | 备注 |
| 1 | 0583754 | 205837549 | 第一样本阅览室/ [索取号:F830.5/144] | 在馆 | |
| 2 | 0583755 | 205837558 | 第一借阅区/ [索取号:F830.5/144] | 在馆 | |
| 3 | 0583756 | 205837567 | 第一借阅区/ [索取号:F830.5/144] | 在馆 | |
| 4 | 0583757 | 205837576 | 第一借阅区/ [索取号:F830.5/144] | 在馆 | |
| 5 | 0583758 | 205837585 | 密集书库-海洋学院/ [索取号:F830.5/144] | 在馆 |